00390nam a2200181Ia 4500003000900000008004100009040001300050040001300063041000800076100001900084245004500103250001100148260001300159260000900172300001100181300001000192490000600202IT-RoPAU120407s9999 xx 000 0 und d aIT-RoPAU cIT-RoPAU aita aEnrico Bergson aSaggi sui dati immediati della coscienza aTorino aParavia  c1951 a192 p. c20 cm v1